000 00747nam a2200229 4500
001 179033
003 ES-MaACL
005 20250911062851.0
008 110823s2010 sp |||| | spa d
020 _a978-84-9895-739-6
080 _a821.134.2-14"20"
100 1 _aValverde, Fernando.
_9147708
245 1 4 _aLos ojos del pelícano /
_cFernando Valverde.
260 _aMadrid :
_bVisor Libros,
_c[2010]
300 _a72 p. ;
_c20 cm.
490 1 _aColección Visor de poesía ;
_v739
586 _aVIII Premio Emilio Alarcos
830 0 _aColección Visor de poesía
_v739
_9177331
852 _aES-MaACL
_9185902
_jA-11428
_dOlim: N-4432
_bR.145871
_cDEPO1
942 _2udc
_cMONOGRAFIA
999 _c179033
_d179033